Capitales des Ameriques - Statistiques

Statistiques générales
  • Ce quiz a été pris 3 208 fois
  • Le résultat moyen est 25 sur 36
Statistiques - réponses
Hint Réponse % Correct
Argentine Buenos Aires
96%
Brésil Brasília
95%
États-Unis Washington
95%
Mexique Mexico
92%
Canada Ottawa
91%
Chili Santiago
87%
Colombie Bogotá
86%
Pérou Lima
86%
Cuba La Havane
83%
Panama Panama
82%
Uruguay Montevideo
80%
Bolivie (capitale constitutionnelle) Sucre
80%
Équateur Quito
77%
Venezuela Caracas
75%
Guatemala Guatemala
75%
Bolivie (siège du gouvernement) La Paz
75%
Jamaïque Kingston
72%
Saint-Vincent-et-les-Grenadines Kingstown
72%
Salvador San Salvador
71%
Haïti Port-au-Prince
69%
Costa Rica San José
67%
République dominicaine Saint-Domingue
67%
Paraguay Asunción
63%
Guyana Georgetown
59%
Nicaragua Managua
58%
Bahamas Nassau
57%
Honduras Tegucigalpa
55%
Belize Belmopan
54%
Antigua-et-Barbuda Saint John's
51%
Suriname Paramaribo
50%
Trinité-et-Tobago Port-d'Espagne
50%
Barbade Bridgetown
47%
Dominique Roseau
47%
Grenade Saint-Georges
46%
Sainte-Lucie Castries
44%
Saint-Christophe-et-Niévès Basseterre
43%
Aucun quiz correspondant
Distribution des résultats
% des personnes avec chaque résultat
Percentile par nombre de réponses
Votre historique - résultats
Vous n’avez pas pris ce quiz